| 000 | 00855nam a2200241 i 4500 | ||
|---|---|---|---|
| 001 | bg | ||
| 003 | BPK | ||
| 005 | 20200518085103.0 | ||
| 008 | 040519s1976 pl a f |000 0 pol | ||
| 015 | _aPB 7607/76 | ||
| 040 | _cBPK | ||
| 080 | _a51 | ||
| 080 | _a(075.8+076) | ||
| 100 | 1 |
_aStankiewicz, Włodzimierz _d(1927-2020) _eAutor |
|
| 245 | 1 | 0 |
_aZadania z matematyki : _bdla wyższych uczelni technicznych. _nCz. 2 / _cWłodzimierz Stankiewicz, Jacek Wojtowicz. |
| 260 |
_aWarszawa : _bPaństwowe Wydawnictwo Naukowe, _c1976. |
||
| 300 |
_a351, [1] s. : _bil. ; _c25 cm. |
||
| 650 | 4 |
_aMatematyka _xszkoły wyższe. |
|
| 655 | 4 | _aĆwiczenia i zadania dla szkół wyższych | |
| 700 | 1 | _aWojtowicz, Jacek. | |
| 942 |
_2udc _cKS |
||
| 856 |
_uhttp://koha.tu.koszalin.pl/cgi-bin/koha/opac-detail.pl?biblionumber=100 _yKatalog online BPK |
||
| 999 |
_c100 _d100 |
||